[Event "Amager CC-ch A"]
[Site "Amager"]
[Date "2008.03.31"]
[Round "6"]
[White "Lunding, Peter M"]
[Black "Hansen, Olaf Martin"]
[Result "1/2-1/2"]
[WhiteElo "1853"]
[BlackElo "1840"]
[PlyCount "26"]
[EventDate "2008.01.22"]
[EventType "tourn"]
[EventRounds "10"]
[EventCountry "DEN"]
[SourceTitle "EXT 2023"]
[Source "ChessBase"]
[SourceDate "2022.10.05"]
[SourceVersion "1"]
[SourceVersionDate "2022.10.05"]
[SourceQuality "1"]

1. d4 d5 2. c4 c6 3. cxd5 cxd5 4. Nf3 Nf6 5. Nc3 Nc6 6. a3 a6 7. e3 Bg4 8. Be2 e6 9. h3 Bxf3 10. Bxf3 Be7 11. Bd2 0-0 12. 0-0 b5 13. Rc1 Rc8 1/2-1/2

[Event "Amager CC-ch A"]
[Site "Amager"]
[Date "2008.02.19"]
[Round "3"]
[White "Hansen, Olaf Martin"]
[Black "Kokholm, Daniel"]
[Result "1/2-1/2"]
[WhiteElo "1840"]
[BlackElo "1827"]
[PlyCount "26"]
[EventDate "2008.01.22"]
[EventType "tourn"]
[EventRounds "10"]
[EventCountry "DEN"]
[SourceTitle "EXT 2023"]
[Source "ChessBase"]
[SourceDate "2022.10.05"]
[SourceVersion "1"]
[SourceVersionDate "2022.10.05"]
[SourceQuality "1"]

1. d4 d5 2. c4 Nc6 3. Nf3 Bg4 4. Nc3 dxc4 5. d5 Bxf3 6. exf3 Ne5 7. Bf4 Ng6 8. Bxc4 a6 9. Bg3 h5 10. h3 h4 11. Bh2 Nf6 12. 0-0 c6 13. Qe2 cxd5 1/2-1/2